000 01355atm a2200337 i 4500
999 _c68616
_d68616
001 68616
003 Mx-PuUPA
005 20240410104300.0
008 200124s2008 mx a||||r|||| 001 0 spa d
020 _a9789702612841
040 _aMx-PuUPA
_bspa
_cMx-PuUPA
_dMx-PuUPA
_erda
041 1 _aspa
_heng
100 1 _910427
_aKeller, Kevin Lane,
_d1956-
_eautor
240 1 0 _aStrategic brand management.
_lEspañol
245 1 0 _aAdministración estratégica de marca :
_bbranding /
_cKevin Lane Keller ; traducción, Erika Montserrat Jaasso Hernand Borneville
250 _aTercera edición
264 4 _aCiudad de México :
_bPearson Educación de México,
_c2008
300 _axxi, 692 páginas :
_bilustraciones ;
_c27 cm
336 _2rdacontent
_atexto
_btxt
337 _2rdamedia
_asin medio
_bn
338 _2rdacarrier
_avolumen
_bnc
650 4 _aAdministración
650 4 _aPlanificación estratégica
650 4 _aMarca (Mercadotecnia)
700 1 _aJaasso Hernand Borneville, Erika Montserrat,
_etraductor
765 0 8 _aKeller, Kevin Lane, 1956-
_tStrategic brand management.
_b3rd. edition
_dNew Jersey : Pearson Education, ©2008
_z9780131888593
942 _2ddc
_cLI
_h658.827
_iK29